Report of committee on legislation: Plantation sector (Record no. 66751)
[ view plain ]
| 000 -LEADER | |
|---|---|
| fixed length control field | 00260nam a2200097Ia 4500 |
| 245 #0 - TITLE STATEMENT | |
| Title | Report of committee on legislation: Plantation sector |
| 260 ## - PUBLICATION, DISTRIBUTION, ETC. (IMPRINT) | |
| Name of publisher | Planters Chronicle |
| Year of publication | 2007 |
| 300 ## - PHYSICAL DESCRIPTION | |
| Number of Pages | 31-38 |
| 942 ## - ADDED ENTRY ELEMENTS (KOHA) | |
| Koha item type | Journals |
| Withdrawn status | Lost status | Damaged status | Not for loan | Home library | Current library | Shelving location | Date acquired | Serial Enumeration / chronology | Koha item type |
|---|---|---|---|---|---|---|---|---|---|
| Journals | RRII Library | RRII Library | Rubber general | 16/04/2008 | Volume 103, Issue 12 | Journals |